| 000 | 01028nam a22003015a 4500 | ||
|---|---|---|---|
| 008 | 101028t2011 maua frb 001 0 eng d | ||
| 010 | _a 2006028563 | ||
| 020 | _a9780132453226 | ||
| 020 | _a0132453223 | ||
| 040 |
_aEG-ScBUE _beng _cEG-ScBUE |
||
| 082 | 0 | 4 |
_a658.15 _bBER _222 |
| 100 | 1 |
_aBerk, Jonathan B., _920707 |
|
| 245 | 1 | 0 |
_aCorporate finance / _cJonathan Berk, Peter DeMarzo. |
| 250 | _a2nd., Global ed. | ||
| 260 |
_aBoston : _bPearson Addison Wesley, _c c.2011. |
||
| 300 |
_a(Various pagings): _bill. (some col.) ; _c26 cm. |
||
| 490 | 0 | _aThe Addison-Wesley series in finance | |
| 500 | _aIncludes index. | ||
| 500 | _aIncludes glossary. | ||
| 504 | _aIncludes bibliographical references. | ||
| 590 | _aMenna elemam | ||
| 650 | 0 |
_aCorporations _xFinance. _920709 _2BUEsh |
|
| 651 | _2BUEsh | ||
| 653 |
_bBUSECO _cAugust2015 |
||
| 700 | 1 |
_aDeMarzo, Peter M. _920710 |
|
| 856 | 4 | 1 |
_3Table of contents only _uhttp://www.loc.gov/catdir/toc/ecip0620/2006028563.html |
| 942 |
_cBB _k658.15 BER _2ddc |
||
| 999 |
_c14798 _d14798 |
||